| 000 | 00649nam a2200193 i 4500 | ||
|---|---|---|---|
| 001 | 130205 | ||
| 003 | ES-MaACL | ||
| 005 | 20230906193653.0 | ||
| 007 | t| | ||
| 008 | 070723s1931 fr ||||1| fre d | ||
| 100 | 1 |
_aZworykin, V. K. _9118568 |
|
| 245 | 1 | 4 |
_aLes cellules photo-electriques et leurs applications / _cpar V. K. Zworykin et E. D. Wilson ; traduit de l'anglais par G. Malgorn. |
| 260 |
_aParis : _bDunod, _c1931 ( _eOrleans : _fH. Tessier) |
||
| 300 |
_aVI, 177 : _bil. p. ; _c25 cm. |
||
| 650 | 1 | 4 |
_aCélulas fotoeléctricas. _910872 |
| 700 | 1 |
_aMalgorn, G. _975764 |
|
| 700 | 1 |
_aWilson, E. D. _9117022 |
|
| 852 |
_aES-MaACL _jA-1475 |
||
| 999 |
_c130205 _d130205 |
||